| 000 | 03374cam a22007574i 4500 | ||
|---|---|---|---|
| 001 | u48714 | ||
| 003 | PE-LiUPU | ||
| 005 | 20260218152526.0 | ||
| 008 | 150706s2008 sp a rb 000 0 spa d | ||
| 020 | _a843682234X | ||
| 020 | _a9788436822342 | ||
| 035 | _a(Sirsi) i9788436822342 | ||
| 040 |
_aPE-LiUPU _bspa _cPE-LiUPU _dPE-LiUPU _erda |
||
| 049 | _aPRUA | ||
| 082 | 0 | 4 |
_a158.7 _bP _221 |
| 082 | 0 | 4 |
_a658.3 _bR76 2008 _221 |
| 245 | 0 | 0 |
_aPsicología de los recursos humanos / _cdirectores: Andrés Rodríguez Fernández, [y otros cuatro]. |
| 264 | 1 |
_aMadrid : _bPirámide, _c[2008]. |
|
| 300 |
_a226 páginas : _bilustraciones ; _c24 centímetros |
||
| 336 |
_atext _2rdacontent |
||
| 337 |
_aunmediated _2rdamedia |
||
| 338 |
_avolume _2rdacarrier |
||
| 505 | 0 | _aLa dirección y gestión de los recursos humanos en las organizaciones -- Modelos de gestión de recursos humanos -- Análisis, valoración y retribución de puestos de trabajo -- Reclutamiento, selección de personal, acogida e integración -- Evaluación del desempeño -- Desarrollo de carrera laboral -- Formación. | |
| 526 | _aSEG68 | ||
| 526 | _aSEG70 | ||
| 526 | _aSEG69 | ||
| 526 | _aSEG67 | ||
| 526 | _aSEG43 | ||
| 526 | _aP144 | ||
| 526 | _aP143 | ||
| 526 | _aP131 | ||
| 526 | _aP122 | ||
| 526 | _aP120 | ||
| 526 | _aP117 | ||
| 526 | _aP112 | ||
| 526 | _aP110 | ||
| 526 | _aP106 | ||
| 526 | _aP101 | ||
| 526 | _aP80 | ||
| 526 | _aP59 | ||
| 526 | _aP54 | ||
| 526 | _aP35 | ||
| 526 | _aP33 | ||
| 526 | _aP30 | ||
| 541 | _g001-0031615; | ||
| 650 | 0 | 4 |
_aAdministración de personal. _94953 |
| 650 | 0 | 0 |
_aGestión de recursos humanos _9493 |
| 650 | 0 | 4 |
_aTrabajo _xAspectos psicológicos. |
| 700 | 1 |
_aDelgado Radial, Antonio, _ecoordinador. |
|
| 700 | 1 |
_aMañas Rodríguez, M. Angel, _ecoordinador. |
|
| 700 | 1 |
_aRodríguez Fernández, Andres, _edirector. |
|
| 700 | 1 |
_aZarco Martín, Victoria, _edirector. |
|
| 910 |
_bjv _cng _d20100610 |
||
| 910 |
_btqv _crm _d20160708 |
||
| 942 |
_2ddc _cBOOK |
||
| 994 |
_aC0 _bPEPRU |
||
| 949 |
_a158.7 P _wDEWEY _c1 _i61872 _d2018-4-17 _e2018-4-12 _f2018-2-11 _g2 _lCCODEBUL1 _mBUL _n6 _p38.00 _q3 _r0 _sY _tBOOK _u2015-7-6 _xSALUD _PP33 _0COMPRA _o.STAFF. Colección Ciencias de la Salud |
||
| 949 |
_a158.7 R74 2008 _wDEWEY _c1 _iFT02543 _lCCODEBUT1 _mBUT _p32.00 _r0 _sY _tBOOK _u2015-9-29 _xSALUD _PP33 _0COMPRA _o.STAFF. Colección Ciencias de la Salud |
||
| 949 |
_a658.3 R76 2008 _wDEWEY _c1 _iFJ00756 _d2017-10-27 _f2017-12-28 _g1 _lCCODEBUJ1 _mBUJ _p38.00 _q1 _r0 _sY _tBOOK _u2016-7-8 _xFCE _PP04 _0COMPRA _o.STAFF. Colección General Juliaca |
||
| 596 | _a1 2 3 | ||
| 999 |
_a158.7 P _wDEWEY _c50983 _i61872 _d50983 _e2018-7-10 _f2021-11-3 _g5 _lCCODEBUL1 _mBUL _n7 _p38.00 _q4 _r0 _sY _tBOOK _u2015-7-6 _xSALUD _zP33 _0COMPRA _o.STAFF. Colección Ciencias de la Salud |
||
| 999 |
_a158.7 R74 2008 _wDEWEY _c1 _iFT02543 _d2022-7-7 _e2022-7-7 _f2019-2-20 _g1 _kCHECKEDOUT _lCCODEBUT1 _mBUT _n1 _p32.00 _rM _sY _tBOOK _u2015-9-29 _xSALUD _PP33 _0COMPRA _o.STAFF. Colección General |
||
| 999 |
_a658.3 R76 2008 _wDEWEY _c1 _iFJ00756 _d2019-6-13 _e2019-4-2 _f2022-1-31 _g4 _lCCODEBUJ1 _mBUJ _n1 _p38.00 _q13 _r0 _sY _tBOOK _u2016-7-8 _xFCE _PP04 _0COMPRA _o.STAFF. Colección General Juliaca |
||
| 980 |
_818226 _gJaime Vilcazán Jefe de Análisis Documental |
||